| 000 | 00630nam a22001817i 4500 | ||
|---|---|---|---|
| 999 |
_c23373 _d23373 |
||
| 003 | AR-CdUCM | ||
| 008 | 250829b20182018 pe||||| |||| 00| 0 spa d | ||
| 040 |
_aMUNICIPALIDAD PROVINCIAL DEL CUSCO _cBIBLIOTECA MUNICIPAL DEL CUSCO |
||
| 041 | _hspa | ||
| 082 |
_a869.56 / R6376D _bR6376D |
||
| 100 |
_aRios Zamalloa, Jorge _92949 |
||
| 245 |
_aDesde la Ventana del Mundo : _bJarawi / |
||
| 260 |
_aCusco : _bAutor-Editor _c2018 |
||
| 300 |
_a67 páginas. : _c20x15 cm. |
||
| 505 | _aEse hombre es hijo del Apu Salqa -- El amor perdido en la niebla -- El dolor -- La furia del bosque | ||
| 942 |
_2ddc _cLIBROS |
||
| 945 |
_apbjr _d29-2025 |
||